| 000 | 01894cam a2200361 a 4500 | ||
|---|---|---|---|
| 001 | 7690391 | ||
| 003 | USPCAS-E | ||
| 005 | 20180118181415.0 | ||
| 006 | m d | ||
| 007 | cr n | ||
| 008 | 011101s2001 enka sb 001 0 eng d | ||
| 020 | _a0750650737 | ||
| 035 | _a(WaSeSS)ssj0000145192 | ||
| 040 |
_aEYM _cEYM _dTXA _dCOD _dDLC _dWaSeSS |
||
| 042 | _alccopycat | ||
| 050 | 4 |
_aTK2785 _b.E42 2001 |
|
| 082 | 0 | 0 |
_a621.43 _221 _bELE 2001 |
| 210 | 1 | 0 | _aElectronic control of switched reluctance machines |
| 245 | 0 | 0 |
_aElectronic control of switched reluctance machines _h[electronic resource] / _cedited by T.J.E. Miller. |
| 260 |
_aOxford ; _aBoston : _bNewnes, _cc2001. |
||
| 440 | 0 | _aNewnes power engineering series | |
| 502 | _a0 | ||
| 504 | _aIncludes bibliographical references (p. [252]-266) and index. | ||
| 505 | 0 | _aIntroduction / T.J.E. Miller -- Development history / Antony F. Anderson -- Electromagnetic energy conversion / T.J.E. Miller -- Designing for low noise / W.A. Pengov and R.L. Weinberg -- Average torque control / Lynne Kelly, Calum Cossar and T.J.E. Miller -- Instantaneous torque control / Philip C. Kjaer and Jeremy J. Gribble -- Sensorless control / Gabriel Gallegos-López -- Torque ripple control in a practical application / Kevin McLaughlin -- Drive development and test / Calum Cossar and Lynne Kelly -- The switched reluctance generator / Tadashi Sawata. | |
| 506 | _aLicense restrictions may limit access. | ||
| 650 | 0 |
_aReluctance motors _xAutomatic control. |
|
| 650 | 0 | _aElectronic control. | |
| 700 | 1 |
_aMiller, T. J. E. _q(Timothy John Eastham), _d1947- |
|
| 773 | 0 | _tReferex Electronics and Electrical Engineering | |
| 856 | 4 | 0 |
_uhttp://www.columbia.edu/cgi-bin/cul/resolve?clio7690391 _zFull text available from Referex Electronics and Electrical Engineering |
| 910 | _aLibrary of Congress record | ||
| 942 |
_2ddc _cBK |
||
| 999 |
_c355844 _d355844 |
||